000 01420nmm a2200481 a 4500
003 AR-BaBNM
005 20251128210337.0
008 140020s1999 ||||||||||||||000 | spa||
020 _a987-97633-2-7
040 _cAR-BaBNM
100 1 _aTello Roldán, Enrique D.N.
245 1 0 _aManual de historia de la educación y la pedagogía
260 _aLa Rioja
_bEudelar
_c1999
300 0 _a431 p.
_bfacsím., mapas
500 0 _aEudelar: Editorial de la Universidad Nacional de La Rioja
500 0 _aDonación del Subsecretario de Coordinación Don Enrique E.P.P. Mariscotti
600 1 4 _aBosco, Juan
600 1 4 _aNewman, J.H.
600 1 4 _aComte, Auguste
600 1 4 _aMill, John Stuart
600 1 4 _aSpencer, Herbert
600 1 4 _aHerbart, Johann Friedrich
600 1 4 _aFröbel, Friedrich
_d1782-1852
600 1 4 _aPestalozzi, Johann Heinrich
600 1 4 _aFichte, Johann Gottlieb
600 1 4 _aHegel, Georg Wilhelm Friedrich
600 1 4 _aKant, Immanuel
650 4 _aHISTORIA DE LA EDUCACION
650 4 _aPEDAGOGIA
650 4 _aEDAD MEDIA
650 4 _aCRISTIANISMO
650 4 _aSIGLO DIECINUEVE
650 4 _aSIGLO VEINTE
650 4 _aMETODOS DE ENSENANZA
650 4 _aTECNICAS DIDACTICAS
650 4 _aRENACIMIENTO
651 4 _aGrecia
653 0 _aROMA ANTIGUA
653 _aEDAD MODERNA
653 0 _aEDUCACION SUPERIOR
942 _cBK
998 _cRAQUEL
999 _c15052
_d15052